MARC

LEADER 00000nam0a2200000 4500
001 27619
005 20231030202243.0
010 |a 5282020394 
035 |a (RuTPU)RU\TPU\book\27872 
035 |a BOOK00027947 
090 |a 27619 
100 |a 20011209d2000 k y0rusy50 ca 
101 0 |a rus 
102 |a RU 
105 |a  001|y 
200 1 |a Человеческая деятельность  |f Л. фон Мизес 
210 |a Москва  |c Экономика  |d 2000 
215 |a 878 с. 
320 |a Библиогр.: с. 842-868. 
517 1 |a Трактат по экономической теории 
610 1 |a экономика 
610 1 |a экономическая теория 
610 1 |a эпистемология 
610 1 |a методология 
610 1 |a интервенционизм 
610 1 |a человеческая деятельность 
610 1 |a время 
610 1 |a неопределенность 
610 1 |a общество 
610 1 |a экономический расчет 
610 1 |a каталлактика 
610 1 |a рыночная экономика 
610 1 |a рынок 
610 1 |a цены 
610 1 |a обмен 
610 1 |a процент 
610 1 |a кредитная экспансия 
610 1 |a производство 
610 1 |a заработная плата 
610 1 |a социализм 
610 1 |a государство 
610 1 |a налогообложение 
610 1 |a конфискация 
686 |a У011  |v LBC/SL-A  |2 rubbk 
700 1 |a Мизес  |b Л.  |g Людвиг фон 
801 0 |a RU  |b 63413507  |c 20011209  |g PSBO 
801 2 |a RU  |b 63413507  |c 20121031  |g PSBO 
942 |c BK